01046naa#a2200181#i#4500001001500000005001700015011001400032100004100046102000700087200033600094210013200430215001000562608004500572675012200617700005800739700005200797856001500849RU\\bibl\1628220260414013414.2##a1997-3225##a20170420b2017####ek#y0rusy0150####ca##aRU1#aВЛИЯНИЕ ПШЕНИЧНОГО ТРИПСА (HAPLOTHRIPS TRITICI KURD.) И ВРЕДНОЙ ЧЕРЕПАШКИ (EURYGASTER INTEGRICEPS PUT.) НА ТЕХНОЛОГИЧЕСКИЕ ПОКА-ЗАТЕЛИ ЗЕРНА ОЗИМОЙ ПШЕНИЦЫ В ЛЕСОСТЕПИ САМАРСКОЙ ОБЛАСТИeЖурнальная статья1#aКинельcФГБОУ ВО "Самарский государственный аграрный университет"d2017##a4 с.##aЖурнальная статья2local##aСельское хозяйство. Лесное хозяйство. Охота. Рыбное хозяйство. 63#1aВихроваgЕлена Александровна#1aФедотоваgЛариса Петровна4#anaukaru.ru